000 00247nam a22001217a 4500
003 SGT
020 _a9789380896403
082 _bJAI
100 _aJAIN M.L
245 _aDYNAMICS BA. BSC-III
260 _bJEEVANSONS PUB.
_c2018
942 _2ddc
_cBK
999 _c16432
_d16432